[Event "Brownsville Spring Break"]
[Site "Brownsville USA"]
[Date "2015.03.09"]
[Round "5"]
[White "Kovalyov, Anton"]
[Black "Almeida Saenz, Alfonso"]
[Result "1-0"]
[WhiteElo "2625"]
[BlackElo "2334"]
[PlyCount "89"]
[GameId "2130307661017631"]
[EventDate "2015.03.06"]
[EventType "tourn"]
[EventRounds "9"]
[EventCountry "USA"]
[EventCategory "9"]
[SourceTitle "Mega2015 Update 17"]
[Source "Chessbase"]
[SourceDate "2015.03.20"]
[SourceVersion "1"]
[SourceVersionDate "2015.03.20"]
[SourceQuality "1"]

1. c4 Nf6 2. Nf3 e6 3. g3 d5 4. Bg2 Be7 5. O-O O-O 6. d4 c5 7. cxd5 Nxd5 8. Nc3 Nxc3 9. bxc3 Nc6 10. e4 cxd4 11. cxd4 Bf6 12. Bb2 Qb6 13. Rb1 Rd8 14. Qe2 Qa5 15. d5 exd5 16. Bxf6 gxf6 17. Rb5 Qa6 18. exd5 Bf5 19. Rd1 Rac8 20. Bf1 Nb8 21. Nd4 Bg6 22. Qb2 Qa4 23. Rd2 Na6 24. Rxb7 Rxd5 25. Rxa7 Qb4 26. Rb7 Qxb2 27. Rbxb2 Rc1 28. f3 Nc5 29. Kf2 Na4 30. Rb4 Nc3 31. Bc4 Rh5 32. Kg2 Nd5 33. Bxd5 Rxd5 34. Rbb2 Re5 35. Ne2 Ra1 36. Nf4 Ra5 37. g4 Ra4 38. Ne2 h5 39. Nc3 Rc4 40. Nd5 Kg7 41. gxh5 Bxh5 42. Kf2 Bg6 43. Kg3 Rg1+ 44. Rg2 Rd1 45. Ne3 1-0

[Event "Brownsville Spring Break"]
[Site "Brownsville USA"]
[Date "2015.03.09"]
[Round "6"]
[White "Cruz, Cristhian"]
[Black "Kovalyov, Anton"]
[Result "1/2-1/2"]
[WhiteElo "2547"]
[BlackElo "2625"]
[PlyCount "66"]
[GameId "2130307661017635"]
[EventDate "2015.03.06"]
[EventType "tourn"]
[EventRounds "9"]
[EventCountry "USA"]
[EventCategory "9"]
[SourceTitle "Mega2015 Update 17"]
[Source "Chessbase"]
[SourceDate "2015.03.20"]
[SourceVersion "1"]
[SourceVersionDate "2015.03.20"]
[SourceQuality "1"]

1. d4 Nf6 2. c4 e6 3. Nc3 Bb4 4. e3 O-O 5. Nge2 d5 6. a3 Be7 7. cxd5 Nxd5 8. Nxd5 exd5 9. Nf4 c6 10. Bd3 Nd7 11. O-O a5 12. Bd2 Bd6 13. Qc2 h6 14. Rae1 Re8 15. f3 Qb6 16. Ne2 c5 17. Nc3 Nf6 18. dxc5 Qxc5 19. Nb5 Qxc2 20. Bxc2 Be5 21. Nd4 Bd7 22. Bd3 Rec8 23. Rc1 b6 24. Bc3 Ne8 25. Kf2 Bf6 26. Ne2 Kf8 27. Bxf6 Nxf6 28. Rcd1 Ke7 29. Rd2 Rc5 30. g4 Be6 31. h4 Ne8 32. h5 Nd6 33. Nf4 Rac8 1/2-1/2

[Event "Brownsville Spring Break"]
[Site "Brownsville USA"]
[Date "2015.03.10"]
[Round "7"]
[White "Kovalyov, Anton"]
[Black "Li, Ruifeng"]
[Result "1/2-1/2"]
[WhiteElo "2625"]
[BlackElo "2404"]
[PlyCount "65"]
[GameId "2130307661017639"]
[EventDate "2015.03.06"]
[EventType "tourn"]
[EventRounds "9"]
[EventCountry "USA"]
[EventCategory "9"]
[SourceTitle "Mega2015 Update 17"]
[Source "Chessbase"]
[SourceDate "2015.03.20"]
[SourceVersion "1"]
[SourceVersionDate "2015.03.20"]
[SourceQuality "1"]

1. Nf3 c5 2. c4 Nc6 3. Nc3 Nf6 4. g3 g6 5. Bg2 d6 6. d4 cxd4 7. Nxd4 Bd7 8. O-O Bg7 9. e3 O-O 10. b3 Rc8 11. Bb2 Qa5 12. Re1 Rfe8 13. Rc1 a6 14. a3 b5 15. b4 Qb6 16. cxb5 Nxd4 17. Qxd4 Qxd4 18. exd4 axb5 19. Nb1 Kf8 20. Nd2 e6 21. Nb3 Nd5 22. Na5 Rxc1 23. Rxc1 Rc8 24. Rxc8+ Bxc8 25. Bxd5 exd5 26. f3 Bf5 27. Kf2 Bc2 28. Ke2 Ke7 29. Bc1 Kd7 30. Be3 Bf6 31. Kd2 Ba4 32. Bf2 Bg7 33. Be3 1/2-1/2

[Event "Brownsville Spring Break"]
[Site "Brownsville USA"]
[Date "2015.03.11"]
[Round "9"]
[White "Kovalyov, Anton"]
[Black "Viswanadha, Kesav"]
[Result "1/2-1/2"]
[WhiteElo "2625"]
[BlackElo "2383"]
[PlyCount "83"]
[GameId "2130307661021743"]
[EventDate "2015.03.06"]
[EventType "tourn"]
[EventRounds "9"]
[EventCountry "USA"]
[EventCategory "9"]
[SourceTitle "Mega2015 Update 17"]
[Source "Chessbase"]
[SourceDate "2015.03.20"]
[SourceVersion "1"]
[SourceVersionDate "2015.03.20"]
[SourceQuality "1"]

1. Nf3 Nf6 2. c4 e6 3. g3 d5 4. Bg2 dxc4 5. Qa4+ Nbd7 6. Qxc4 a6 7. Qb3 Rb8 8. O-O b6 9. d3 Bb7 10. Nc3 c5 11. Bf4 Rc8 12. Rad1 Be7 13. e4 O-O 14. a4 Nb8 15. Ne5 Nfd7 16. Nxd7 Nxd7 17. d4 cxd4 18. Rxd4 Bc5 19. Rd2 Qe7 20. Rfd1 Rfd8 21. Bd6 Bxd6 22. Rxd6 Bc6 23. Qb4 Nc5 24. Rxd8+ Rxd8 25. Qxb6 Rxd1+ 26. Nxd1 Bxa4 27. Nc3 Bc2 28. e5 h6 29. h4 Bf5 30. Bf1 Bd3 31. Bxd3 Nxd3 32. Ne4 Qf8 33. Qxa6 Nxe5 34. Qb5 Nf3+ 35. Kg2 Nd4 36. Qc4 Qd8 37. b4 f5 38. Nd2 Qa8+ 39. Kh2 Qa7 40. Kg2 Qa8+ 41. Kh2 Qa7 42. Kg2 1/2-1/2

[Event "PanAm-ch intercoll."]
[Site "South Padre Island USA"]
[Date "2014.12.27"]
[Round "1.4"]
[White "Shepherd, Duncan"]
[Black "Kovalyov, Anton"]
[Result "0-1"]
[WhiteElo "1725"]
[BlackElo "2619"]
[PlyCount "78"]
[GameId "2130307662945124"]
[EventDate "2014.12.27"]
[EventType "team"]
[EventRounds "6"]
[EventCountry "USA"]
[SourceTitle "The Week in Chess 1051"]
[Source "Mark Crowther"]
[SourceDate "2014.12.29"]
[SourceVersion "1"]
[SourceVersionDate "2014.12.29"]
[SourceQuality "2"]
[WhiteTeam "UILL-C"]
[BlackTeam "UTBR-A"]

1. d4 Nf6 2. c4 e6 3. Nf3 b6 4. g3 c6 5. Bg2 d5 6. O-O Nbd7 7. Qc2 Ba6 8. b3 Rc8 9. Nbd2 c5 10. Bb2 Be7 11. Rac1 O-O 12. Rfd1 Bb7 13. Qb1 dxc4 14. Nxc4 b5 15. Nce5 Be4 16. Qa1 Nxe5 17. Nxe5 Bxg2 18. Kxg2 Qb6 19. dxc5 Bxc5 20. Nd3 Be7 21. Bd4 Qb7+ 22. Kg1 h5 23. Nf4 h4 24. f3 Rcd8 25. Kf2 Rd7 26. g4 Rfd8 27. g5 Ne4+ 28. fxe4 Qxe4 29. e3 Bxg5 30. Rg1 f6 31. Qb1 Rxd4 32. Qxe4 Rxe4 33. Kf3 Re5 34. Rc7 a5 35. e4 Kh7 36. Ra7 Kh6 37. Rxa5 Bxf4 38. Kxf4 Rd3 39. Rf1 g5+ 0-1

[Event "PanAm-ch intercoll."]
[Site "South Padre Island USA"]
[Date "2014.12.28"]
[Round "3.4"]
[White "Aleskerov, Faik"]
[Black "Kovalyov, Anton"]
[Result "1-0"]
[WhiteElo "2312"]
[BlackElo "2619"]
[PlyCount "65"]
[GameId "2130307662949259"]
[EventDate "2014.12.27"]
[EventType "team"]
[EventRounds "6"]
[EventCountry "USA"]
[SourceTitle "10 Days #422"]
[Source "Chess Mix"]
[WhiteTeam "TXTEKB"]
[BlackTeam "UTBR-A"]

1. e4 c5 2. Nf3 d6 3. Bb5+ Nd7 4. O-O a6 5. Bd3 Ngf6 6. c3 b5 7. a4 c4 8. Bc2 Bb7 9. axb5 axb5 10. Rxa8 Bxa8 11. Qe2 Nc5 12. Na3 Bxe4 13. Bxe4 Nfxe4 14. b4 cxb3 15. Qxb5+ Qd7 16. Qb8+ Qd8 17. Qb5+ Nd7 18. Re1 Nef6 19. Qxb3 e6 20. Nd4 d5 21. c4 Bc5 22. cxd5 Bxd4 23. dxe6 Nc5 24. Qb5+ Ke7 25. Nc2 Bxf2+ 26. Kxf2 Nd3+ 27. Kg1 Nxe1 28. Ba3+ Kxe6 29. Ne3 Qd3 30. Qc6+ Ke5 31. Bd6+ Ke6 32. Bc7+ Ke7 33. Nf5+ 1-0

[Event "PanAm-ch intercoll."]
[Site "South Padre Island USA"]
[Date "2014.12.29"]
[Round "5.2"]
[White "Le Quang, Liem"]
[Black "Kovalyov, Anton"]
[Result "1/2-1/2"]
[WhiteElo "2678"]
[BlackElo "2619"]
[PlyCount "70"]
[GameId "2130307662949280"]
[EventDate "2014.12.27"]
[EventType "team"]
[EventRounds "6"]
[EventCountry "USA"]
[SourceTitle "10 Days #422"]
[Source "Chess Mix"]
[WhiteTeam "WEBSTA"]
[BlackTeam "UTBR-A"]

1. d4 Nf6 2. c4 e6 3. Nc3 Bb4 4. e3 O-O 5. Nge2 d5 6. a3 Be7 7. cxd5 Nxd5 8. Bd2 Nd7 9. g3 Nxc3 10. Bxc3 Nf6 11. Bg2 Nd5 12. Bd2 c5 13. dxc5 Bxc5 14. Rc1 b6 15. O-O Ba6 16. Re1 Bb7 17. Qa4 Qe8 18. Qxe8 Rfxe8 19. Red1 Rad8 20. Be1 Be7 21. Nd4 Rc8 22. Nb5 Rxc1 23. Rxc1 a6 24. Nc3 Rc8 25. Rd1 Nxc3 26. Bxb7 Nxd1 27. Bxc8 Nxb2 28. Bxa6 Bxa3 29. Bb5 Nd1 30. Be2 Nb2 31. Bb5 Nd1 32. Ba4 Nb2 33. Bb5 Nd1 34. Be2 Nb2 35. Bb5 Nd1 1/2-1/2

[Event "PanAm-ch intercoll."]
[Site "South Padre Island USA"]
[Date "2014.12.30"]
[Round "6"]
[White "Kovalyov, Anton"]
[Black "Kanovsky, David"]
[Result "1-0"]
[WhiteElo "2688"]
[BlackElo "2572"]
[PlyCount "127"]
[GameId "2130307662949289"]
[EventDate "2014.12.27"]
[EventType "team"]
[EventRounds "6"]
[EventCountry "USA"]

1. Nf3 c5 2. c4 Nc6 3. Nc3 Nf6 4. g3 g6 5. Bg2 Bg7 6. d4 cxd4 7. Nxd4 O-O 8. O-O Qa5 9. e3 d6 10. Bd2 Bd7 11. Nce2 Qc7 12. Rc1 Rac8 13. h3 Qb8 14. b4 Rfd8 15. Qb3 Nxd4 16. exd4 b5 17. c5 dxc5 18. bxc5 Be6 19. Qb2 Bd5 20. Bxd5 Nxd5 21. Ba5 Rd7 22. Qb3 Qb7 23. a4 a6 24. Rb1 Rb8 25. axb5 axb5 26. Bd2 Qc6 27. Rfc1 h5 28. h4 Bf6 29. Rc2 Kh7 30. Ra2 e5 31. dxe5 Bxe5 32. Rc2 Nc7 33. Bf4 Bxf4 34. Nxf4 Kg8 35. Rcc1 Rbd8 36. Qc3 Rd4 37. Qe3 Na6 38. Qe5 Nxc5 39. Nxh5 gxh5 40. Qg5+ Kf8 41. Qxc5+ Qxc5 42. Rxc5 Rd1+ 43. Rxd1 Rxd1+ 44. Kg2 b4 45. Rxh5 b3 46. Rb5 Rb1 47. g4 Kg7 48. Rb6 Kh7 49. h5 Kg7 50. Kf3 Kh7 51. Kf4 Rf1 52. f3 Rb1 53. Kg5 b2 54. f4 Kg7 55. Rb7 Kg8 56. Kh6 Kf8 57. g5 Rf1 58. Rb8+ Ke7 59. Rxb2 Rxf4 60. Kg7 Rg4 61. Rb5 Ke6 62. h6 f5 63. g6 f4 64. h7 1-0

[Event "UT Dallas Fall FIDE op"]
[Site "Richardson USA"]
[Date "2014.11.21"]
[Round "1"]
[White "Kovalyov, Anton"]
[Black "Bora, Safal"]
[Result "1-0"]
[WhiteElo "2617"]
[BlackElo "2366"]
[PlyCount "127"]
[GameId "2130307663928353"]
[EventDate "2014.11.21"]
[EventType "swiss"]
[EventRounds "9"]
[EventCountry "USA"]
[SourceTitle "The Week in Chess 1046"]
[Source "Mark Crowther"]
[SourceDate "2014.11.24"]
[SourceVersion "1"]
[SourceVersionDate "2014.11.24"]
[SourceQuality "2"]

1. Nf3 Nf6 2. c4 g6 3. Nc3 d5 4. d4 Bg7 5. Qb3 dxc4 6. Qxc4 O-O 7. e4 Nc6 8. Be2 Nd7 9. Be3 Nb6 10. Qd3 Bg4 11. Rd1 Bxf3 12. Bxf3 e5 13. d5 Nd4 14. Be2 c6 15. dxc6 bxc6 16. O-O c5 17. Rd2 Qe7 18. Qa6 Qe6 19. b3 Rfd8 20. Rc1 Qc8 21. Qxc8 Raxc8 22. Ba6 Rb8 23. Kf1 Bf8 24. Rdd1 Be7 25. f3 Rd7 26. Kf2 Rbd8 27. g3 Rd6 28. f4 exf4 29. gxf4 Ne6 30. Rxd6 Bxd6 31. Rd1 Nd4 32. Nb5 Bb8 33. a4 Rd7 34. Nxd4 cxd4 35. Bd2 Na8 36. Kf3 Nc7 37. Bc4 Ne6 38. Rc1 Kg7 39. e5 d3 40. Bxe6 fxe6 41. Ke4 Kf7 42. b4 Ke7 43. Rc8 Bc7 44. Rh8 h5 45. Rh7+ Kd8 46. Rxd7+ Kxd7 47. b5 Kc8 48. Kxd3 Kb7 49. Be3 Ba5 50. Bd2 Bb6 51. a5 Bc5 52. Be3 Be7 53. a6+ Kb8 54. b6 axb6 55. Bxb6 g5 56. fxg5 Bxg5 57. h3 Bf4 58. Bd4 Kc7 59. Kc4 Kc6 60. a7 Kb7 61. Kc5 Kxa7 62. Kd6+ Kb7 63. Kxe6 Kc7 64. Kf7 1-0

[Event "UT Dallas Fall FIDE op"]
[Site "Richardson USA"]
[Date "2014.11.22"]
[Round "3"]
[White "Kovalyov, Anton"]
[Black "Chirila, Ioan Christian"]
[Result "1/2-1/2"]
[WhiteElo "2617"]
[BlackElo "2538"]
[PlyCount "29"]
[GameId "2130307663928362"]
[EventDate "2014.11.21"]
[EventType "swiss"]
[EventRounds "9"]
[EventCountry "USA"]
[SourceTitle "The Week in Chess 1046"]
[Source "Mark Crowther"]
[SourceDate "2014.11.24"]
[SourceVersion "1"]
[SourceVersionDate "2014.11.24"]
[SourceQuality "2"]

1. Nf3 Nf6 2. c4 g6 3. Nc3 d5 4. d4 Bg7 5. Qb3 dxc4 6. Qxc4 O-O 7. e4 Bg4 8. Be3 Nfd7 9. Qb3 Nb6 10. Rd1 Nc6 11. d5 Ne5 12. Be2 Nxf3+ 13. gxf3 Bh5 14. a4 Qc8 15. h3 1/2-1/2

[Event "UT Dallas Fall FIDE op"]
[Site "Richardson USA"]
[Date "2014.11.23"]
[Round "4"]
[White "Drozdowski, Kacper"]
[Black "Kovalyov, Anton"]
[Result "1/2-1/2"]
[WhiteElo "2464"]
[BlackElo "2617"]
[PlyCount "39"]
[GameId "2130307663932466"]
[EventDate "2014.11.21"]
[EventType "swiss"]
[EventRounds "9"]
[EventCountry "USA"]
[SourceTitle "The Week in Chess 1046"]
[Source "Mark Crowther"]
[SourceDate "2014.11.24"]
[SourceVersion "1"]
[SourceVersionDate "2014.11.24"]
[SourceQuality "2"]

1. e4 c5 2. Nf3 d6 3. d4 cxd4 4. Nxd4 Nf6 5. f3 Nc6 6. c4 Qb6 7. Nc2 e6 8. Nc3 Be7 9. Rb1 O-O 10. Be3 Qc7 11. Be2 b6 12. O-O Bb7 13. Qe1 Rfd8 14. Qg3 Rac8 15. Rbd1 Ne5 16. b3 Ng6 17. Rd2 Nh5 18. Qg4 Nf6 19. Qg3 Nh5 20. Qg4 1/2-1/2

[Event "UT Dallas Fall FIDE op"]
[Site "Richardson USA"]
[Date "2014.11.23"]
[Round "5"]
[White "Kovalyov, Anton"]
[Black "Kadric, Denis"]
[Result "1-0"]
[WhiteElo "2617"]
[BlackElo "2481"]
[PlyCount "95"]
[GameId "2130307663932476"]
[EventDate "2014.11.21"]
[EventType "swiss"]
[EventRounds "9"]
[EventCountry "USA"]
[SourceTitle "The Week in Chess 1046"]
[Source "Mark Crowther"]
[SourceDate "2014.11.24"]
[SourceVersion "1"]
[SourceVersionDate "2014.11.24"]
[SourceQuality "2"]

1. Nf3 Nf6 2. c4 g6 3. Nc3 Bg7 4. e4 d6 5. d4 O-O 6. Be2 e5 7. Be3 Nbd7 8. O-O Qe7 9. Re1 c6 10. Bf1 Ng4 11. Bg5 f6 12. Bh4 Nh6 13. Qd2 Nf7 14. Rad1 h5 15. h3 Bh6 16. Qd3 Rd8 17. b4 Bf4 18. Ne2 Nf8 19. Qc3 g5 20. Bg3 b6 21. c5 Ng6 22. cxd6 Rxd6 23. Nxf4 gxf4 24. Bh2 Be6 25. g3 fxg3 26. Bxg3 Qd7 27. Be2 Nf4 28. Bxf4 exf4 29. Kh2 Rd8 30. Rg1+ Kf8 31. Nh4 Rxd4 32. Ng6+ Ke8 33. Nxf4 Qd6 34. Qg3 h4 35. Qxh4 Qe5 36. Rg8+ Ke7 37. Rg3 Bf5 38. Rxd4 Rxd4 39. f3 Kd6 40. Nd3 Rxd3 41. Bxd3 Ng5 42. Be2 Be6 43. Kh1 Ke7 44. Rg1 Bxa2 45. Qg3 Qb2 46. Qc7+ Kf8 47. e5 Qxe2 48. Qd8+ 1-0

[Event "UT Dallas Fall FIDE op"]
[Site "Richardson USA"]
[Date "2014.11.24"]
[Round "6"]
[White "Xiong, Jeffery"]
[Black "Kovalyov, Anton"]
[Result "1/2-1/2"]
[WhiteElo "2467"]
[BlackElo "2617"]
[PlyCount "115"]
[GameId "2130307663932489"]
[EventDate "2014.11.21"]
[EventType "swiss"]
[EventRounds "9"]
[EventCountry "USA"]
[SourceTitle "The Week in Chess 1047"]
[Source "Mark Crowther"]
[SourceDate "2014.12.01"]
[SourceVersion "1"]
[SourceVersionDate "2014.12.01"]
[SourceQuality "2"]

1. e4 c5 2. Nf3 e6 3. c3 Nf6 4. e5 Nd5 5. Bc4 Nb6 6. Bb3 Nc6 7. d4 cxd4 8. cxd4 d5 9. Nc3 Be7 10. O-O Bd7 11. Re1 a6 12. Bc2 Rc8 13. a3 Qc7 14. Bd3 h6 15. Bd2 Qb8 16. Ne2 Nc4 17. Bc1 Na7 18. b3 Nb6 19. Nf4 Nb5 20. Nh5 Kf8 21. Qd2 Qc7 22. a4 Qc3 23. Bb2 Qxd2 24. Nxd2 Na7 25. Rac1 Bb4 26. Rxc8+ Naxc8 27. Re2 Ne7 28. f4 Ng8 29. Nf3 g6 30. Nf6 Ke7 31. Nxd7 Kxd7 32. g4 Ne7 33. Kg2 Nbc8 34. Ne1 Na7 35. Nc2 Nac6 36. Rf2 h5 37. h3 Ba5 38. f5 hxg4 39. fxe6+ fxe6 40. hxg4 Nb4 41. Nxb4 Bxb4 42. Rf1 g5 43. Bc1 Rc8 44. Bxg5 Rg8 45. Bxe7 Kxe7 46. Kg3 Bc3 47. Rc1 Bxd4 48. Rc7+ Kd8 49. Rxb7 Bxe5+ 50. Kf3 a5 51. b4 Rf8+ 52. Ke2 Rf4 53. bxa5 Rxg4 54. Bb5 Rg2+ 55. Kf1 Rg7 56. Rb6 Rf7+ 57. Ke2 Bd4 58. Rxe6 1/2-1/2

[Event "UT Dallas Fall FIDE op"]
[Site "Richardson USA"]
[Date "2014.11.25"]
[Round "7"]
[White "Kovalyov, Anton"]
[Black "Cornejo, Max"]
[Result "1-0"]
[WhiteElo "2617"]
[BlackElo "2381"]
[PlyCount "111"]
[GameId "2130307663932495"]
[EventDate "2014.11.21"]
[EventType "swiss"]
[EventRounds "9"]
[EventCountry "USA"]
[SourceTitle "The Week in Chess 1047"]
[Source "Mark Crowther"]
[SourceDate "2014.12.01"]
[SourceVersion "1"]
[SourceVersionDate "2014.12.01"]
[SourceQuality "2"]

1. c4 e5 2. g3 Nf6 3. Bg2 d5 4. cxd5 Nxd5 5. Nc3 Nb6 6. d3 Be7 7. Be3 O-O 8. Rc1 Re8 9. a3 Nc6 10. Nf3 Bf8 11. O-O Nd4 12. Ne4 Bg4 13. Ned2 c5 14. h3 Bd7 15. Ng5 h6 16. Nge4 Rc8 17. Nc4 Ba4 18. Qe1 Nb3 19. Rb1 Nd5 20. Bd2 Bc6 21. Bc3 f5 22. Ned2 Nd4 23. e3 b5 24. Ba5 Qf6 25. exd4 bxc4 26. dxe5 Rxe5 27. Qc1 cxd3 28. Qc4 Qf7 29. Qxd3 Nb6 30. Bc3 Re7 31. Rfe1 Rd7 32. Qe2 Bxg2 33. Kxg2 f4 34. g4 Nd5 35. Be5 c4 36. Nf3 c3 37. Qa6 Rdd8 38. bxc3 Nb6 39. Bd4 Bc5 40. Re5 Bxd4 41. cxd4 Qa2 42. Rbe1 Rc2 43. R5e2 Rxe2 44. Rxe2 Qc4 45. Qxc4+ Nxc4 46. a4 Rd5 47. Re8+ Kh7 48. Re7 Ra5 49. Nh4 Nd6 50. Rd7 Ne8 51. Nf5 Kg8 52. d5 Kf8 53. d6 Nf6 54. Rb7 Rd5 55. Rxa7 Ne4 56. d7 1-0

[Event "UT Dallas Fall FIDE op"]
[Site "Richardson USA"]
[Date "2014.11.25"]
[Round "8"]
[White "Berczes, David"]
[Black "Kovalyov, Anton"]
[Result "1/2-1/2"]
[WhiteElo "2501"]
[BlackElo "2617"]
[PlyCount "49"]
[GameId "2130307663932500"]
[EventDate "2014.11.21"]
[EventType "swiss"]
[EventRounds "9"]
[EventCountry "USA"]
[SourceTitle "The Week in Chess 1047"]
[Source "Mark Crowther"]
[SourceDate "2014.12.01"]
[SourceVersion "1"]
[SourceVersionDate "2014.12.01"]
[SourceQuality "2"]

1. d4 Nf6 2. c4 e6 3. Nf3 b6 4. g3 c6 5. Bg2 d5 6. O-O Be7 7. Qc2 O-O 8. Rd1 Nbd7 9. b3 a5 10. Bb2 Ba6 11. Nbd2 Qb8 12. e4 Rc8 13. Rac1 Bb7 14. Qb1 Rd8 15. e5 Ne8 16. cxd5 cxd5 17. h4 h6 18. Ne1 a4 19. f4 Nf8 20. h5 Qa7 21. Nd3 Ba6 22. Bf1 Qd7 23. Nf3 Nc7 24. g4 Rdc8 25. Qc2 1/2-1/2

[Event "UT Dallas Fall FIDE op"]
[Site "Richardson USA"]
[Date "2014.11.26"]
[Round "9"]
[White "Kovalyov, Anton"]
[Black "Macieja, Bartlomiej"]
[Result "1-0"]
[WhiteElo "2617"]
[BlackElo "2633"]
[PlyCount "129"]
[GameId "2130307663932512"]
[EventDate "2014.11.21"]
[EventType "swiss"]
[EventRounds "9"]
[EventCountry "USA"]
[SourceTitle "The Week in Chess 1047"]
[Source "Mark Crowther"]
[SourceDate "2014.12.01"]
[SourceVersion "1"]
[SourceVersionDate "2014.12.01"]
[SourceQuality "2"]

1. c4 e5 2. Nc3 Nf6 3. Nf3 Nc6 4. g3 d5 5. cxd5 Nxd5 6. Bg2 Nb6 7. Rb1 a5 8. O-O Be7 9. b3 O-O 10. Bb2 f5 11. Na4 e4 12. Nxb6 cxb6 13. Ne5 Be6 14. d3 Bd5 15. Nc4 Bc5 16. dxe4 Bxe4 17. Bxe4 fxe4 18. e3 Qxd1 19. Rfxd1 Rad8 20. Bc3 Nb4 21. Bxb4 axb4 22. Ne5 Rfe8 23. Nd7 Ra8 24. Rb2 Ra5 25. Rc2 Rea8 26. Rd5 Rxa2 27. Rc4 R8a5 28. Nxc5 bxc5 29. Rxe4 h6 30. Rd7 Ra6 31. Ree7 Rg6 32. Rxb7 Kh8 33. Rf7 Kg8 34. Rf5 Rc6 35. h4 Rc2 36. Rff7 Rg6 37. Rfc7 Kh7 38. Rxb4 Rxf2 39. Kxf2 cxb4 40. Rc4 Rb6 41. Kf3 h5 42. e4 Rf6+ 43. Kg2 Rb6 44. Rc5 Kh6 45. Kf3 Rf6+ 46. Ke3 Rg6 47. Kf4 Rf6+ 48. Rf5 Rb6 49. Rf8 Kg6 50. Rc8 Rf6+ 51. Ke3 Rb6 52. Rc4 Kh6 53. e5 Rg6 54. Kf3 Re6 55. Kf4 Rg6 56. Re4 Kh7 57. e6 Rf6+ 58. Ke3 Rf8 59. e7 Re8 60. Kd4 Kg6 61. Kd5 Kf7 62. Kd6 Ra8 63. Rf4+ Kg8 64. Kc5 Re8 65. Rf8+ 1-0

[Event "USA Chess Masters"]
[Site "Greensboro USA"]
[Date "2014.08.28"]
[Round "1.5"]
[White "Kovalyov, Anton"]
[Black "Studen, Damir"]
[Result "1-0"]
[WhiteElo "2622"]
[BlackElo "2264"]
[PlyCount "63"]
[GameId "2130307666825103"]
[EventDate "2014.08.28"]
[EventType "swiss"]
[EventRounds "9"]
[EventCountry "USA"]
[SourceTitle "The Week in Chess 1034"]
[Source "Mark Crowther"]
[SourceDate "2014.09.01"]
[SourceVersion "1"]
[SourceVersionDate "2014.09.01"]
[SourceQuality "2"]

1. Nf3 d5 2. d4 Nf6 3. c4 c6 4. e3 Bf5 5. Nc3 e6 6. Nh4 Bg4 7. Qb3 b6 8. h3 Bh5 9. g4 Ne4 10. Nxe4 Qxh4 11. cxd5 exd5 12. Ng3 Bg6 13. Bd2 Bd6 14. Rg1 Nd7 15. Rc1 Bxg3 16. Rxg3 Qf6 17. Ba6 Rb8 18. Qc3 c5 19. Bb5 c4 20. Qa3 a5 21. b3 Bd3 22. bxc4 Bxc4 23. Bxc4 dxc4 24. Rxc4 b5 25. Rc7 b4 26. Qxa5 Qd6 27. Qa7 Rd8 28. Qb7 O-O 29. Bxb4 Qe6 30. Bxf8 Nxf8 31. Rf3 f6 32. Rxg7+ 1-0

[Event "USA Chess Masters"]
[Site "Greensboro USA"]
[Date "2014.08.29"]
[Round "3.3"]
[White "Kovalyov, Anton"]
[Black "Troff, Kayden"]
[Result "0-1"]
[WhiteElo "2622"]
[BlackElo "2514"]
[PlyCount "90"]
[GameId "2130307666825141"]
[EventDate "2014.08.28"]
[EventType "swiss"]
[EventRounds "9"]
[EventCountry "USA"]
[SourceTitle "The Week in Chess 1034"]
[Source "Mark Crowther"]
[SourceDate "2014.09.01"]
[SourceVersion "1"]
[SourceVersionDate "2014.09.01"]
[SourceQuality "2"]

1. Nf3 Nf6 2. c4 g6 3. Nc3 d5 4. cxd5 Nxd5 5. Qb3 Nb6 6. d4 Bg7 7. Bf4 Be6 8. Qa3 Nc6 9. e3 a5 10. Rc1 Nd5 11. Nxd5 Bxd5 12. Be2 O-O 13. O-O Qd7 14. Bg3 Rfc8 15. b3 e6 16. Qa4 Qe7 17. Rc5 Nb4 18. Rfc1 Bc6 19. Qa3 Bf8 20. Qb2 Bxf3 21. Rxc7 Rxc7 22. Rxc7 Qxc7 23. Bxc7 Bxe2 24. Qxe2 Rc8 25. Qc4 Nd5 26. g3 Rxc7 27. Qb5 Rc1+ 28. Kg2 Rc2 29. Kf3 Rxa2 30. e4 Nb4 31. Qxb7 Ra3 32. Kg2 Rxb3 33. Qa8 Rd3 34. Qxa5 Rxd4 35. f3 Rd2+ 36. Kh3 Ra2 37. Qd8 Nc6 38. Qd1 Ra3 39. f4 Nb4 40. Qd4 Nd3 41. e5 Kg7 42. Qe3 Bc5 43. Qd2 h5 44. Kg2 Rb3 45. Kh3 Kh7 0-1

[Event "USA Chess Masters"]
[Site "Greensboro USA"]
[Date "2014.08.31"]
[Round "7.7"]
[White "Kovalyov, Anton"]
[Black "Boros, Denes"]
[Result "1/2-1/2"]
[WhiteElo "2622"]
[BlackElo "2473"]
[PlyCount "31"]
[GameId "2130307666829289"]
[EventDate "2014.08.28"]
[EventType "swiss"]
[EventRounds "9"]
[EventCountry "USA"]
[SourceTitle "The Week in Chess 1035"]
[Source "Mark Crowther"]
[SourceDate "2014.09.08"]
[SourceVersion "2"]
[SourceVersionDate "2014.09.12"]
[SourceQuality "2"]

1. c4 Nf6 2. Nf3 c5 3. Nc3 d5 4. cxd5 Nxd5 5. g3 Nxc3 6. bxc3 g6 7. a4 Qa5 8. Qb3 Bg7 9. Qb5+ Qxb5 10. axb5 b6 11. Bg2 Bb7 12. Rb1 Be4 13. Rb3 a5 14. bxa6 Rxa6 15. Nh4 Bxg2 16. Nxg2 1/2-1/2

[Event "USA Chess League"]
[Site "ICC INT"]
[Date "2014.08.27"]
[Round "1"]
[White "Kovalyov, Anton"]
[Black "Naroditsky, Daniel"]
[Result "1-0"]
[WhiteElo "2622"]
[BlackElo "2587"]
[PlyCount "99"]
[GameId "2130307667023971"]
[EventDate "2014.08.26"]
[EventType "team"]
[EventRounds "10"]
[EventCountry "USA"]
[SourceTitle "The Week in Chess 1034"]
[Source "Mark Crowther"]
[SourceDate "2014.09.01"]
[SourceVersion "1"]
[SourceVersionDate "2014.09.01"]
[SourceQuality "2"]
[WhiteTeam "Rio Grande"]
[BlackTeam "San Francisco"]

1. Nf3 Nf6 2. c4 b6 3. g3 Bb7 4. Bg2 g6 5. O-O Bg7 6. d4 O-O 7. d5 Ne4 8. Qc2 f5 9. Nbd2 Nd6 10. e4 Na6 11. exf5 Nxf5 12. Ne4 c6 13. Rd1 cxd5 14. cxd5 Rc8 15. Qb3 Nc5 16. Nxc5 Rxc5 17. Bf4 Nd6 18. a4 Qa8 19. Ng5 Kh8 20. Be3 Rc4 21. a5 bxa5 22. Rxa5 a6 23. Rc5 Rxc5 24. Bxc5 Qc8 25. Bxd6 exd6 26. Ne4 Qc7 27. h4 Ba8 28. Qa3 Qb6 29. b3 Be5 30. Kh2 Rb8 31. f4 Bg7 32. Rd3 Bf8 33. Qa1+ Bg7 34. Qd1 Re8 35. h5 Qb4 36. Ng5 Qe1 37. Qxe1 Rxe1 38. Nf7+ Kg8 39. hxg6 hxg6 40. Nxd6 Bf8 41. Nc4 g5 42. Nb6 Bb7 43. Nxd7 gxf4 44. Nxf8 fxg3+ 45. Kxg3 Kxf8 46. d6 Bc8 47. Bc6 Rg1+ 48. Kf2 Rg6 49. d7 Rf6+ 50. Rf3 1-0